书目信息 |
| 题名: |
FCE词汇必备
|
|
| 作者: | 金利 主编 | |
| 分册: | ||
| 出版信息: | 上海 华东理工大学出版社有限公司 2023 |
|
| 页数: | 220页 | |
| 开本: | 26cm | |
| 丛书名: | ||
| 单 册: | ||
| 中图分类: | H313.1 | |
| 科图分类: | ||
| 主题词: | 英语水平考试--词汇--自学参考资料 | |
| 电子资源: | ||
| ISBN: | 978-7-5628-7259-7 | |
| 000 | 00841nam0 2200241 450 | |
| 001 | 012599274 | |
| 005 | 20231025105926.0 | |
| 010 | @a978-7-5628-7259-7@dCNY55.00 | |
| 100 | @a20231025d2023 em y0chiy0120 ea | |
| 101 | 0 | @achi@aeng |
| 102 | @aCN@b310000 | |
| 105 | @ay z 000yy | |
| 106 | @ar | |
| 200 | 1 | @aFCE词汇必备@9fce ci hui bi bei@e剑桥通用五级考试B2 First for Schools@e新版@e赠音频@f金利主编 |
| 210 | @a上海@c华东理工大学出版社有限公司@d2023 | |
| 215 | @a220页@d26cm | |
| 330 | @a本书归纳总结了B2FirstforSchools考试涉及的话题,将与学生的学习和生活息息相关的词汇划分为25大类,如人际关系与沟通、假期与旅行、体育运动、交通、购物等。 | |
| 586 | @a | |
| 606 | 0 | @a英语水平考试@x词汇@j自学参考资料 |
| 690 | @aH313.1@v5 | |
| 701 | 0 | @a金利@9jin li@4主编 |
| 801 | 0 | @aCN@c20231102 |
| 905 | @dH313.1@eJ783-2@f1@sH313.1/J783-2@S@Z | |
| FCE词汇必备:剑桥通用五级考试B2 First for Schools:新版:赠音频/金利主编.-上海:华东理工大学出版社有限公司,2023 |
| 220页;26cm |
| ISBN 978-7-5628-7259-7:CNY55.00 |
| 本书归纳总结了B2FirstforSchools考试涉及的话题,将与学生的学习和生活息息相关的词汇划分为25大类,如人际关系与沟通、假期与旅行、体育运动、交通、购物等。 |
| ● |
| 相关链接 |
|
|
|
正题名:FCE词汇必备
索取号:H313.1/J783-2
 
预约/预借
| 序号 | 登录号 | 条形码 | 馆藏地/架位号 | 状态 | 备注 |
| 1 | 21618843 | 216188435 | 语言库209/209语言库 32排4列6层/ [索取号:H313.1/J783-2] | 在馆 |